|
|
|
|
| LEADER |
00000nam0a2200000 4500 |
| 001 |
283832 |
| 005 |
20231101235633.0 |
| 020 |
|
|
|a RU
|b 85-20103
|
| 035 |
|
|
|a (RuTPU)RU\TPU\book\307968
|
| 090 |
|
|
|a 283832
|
| 100 |
|
|
|a 20150211d1985 k y0rusy5003 ca
|
| 101 |
0 |
|
|a rus
|
| 102 |
|
|
|a RU
|
| 105 |
|
|
|a a z 001zy
|
| 200 |
1 |
|
|a Мигматизация и гранитообразование в различных термодинамических режимах
|f В. А. Глебовицкий [и др.]
|g Академия наук СССР (АН СССР), Институт геологии и геохронологии докембрия (ИГГД) ; под ред. Ф. П. Митрофанова
|
| 210 |
|
|
|a Ленинград
|c Наука
|c Ленингр. отд-ние
|d 1985
|
| 215 |
|
|
|a 310 с.
|c ил.
|
| 300 |
|
|
|a Авт. указаны в огл.
|
| 320 |
|
|
|a Библиогр.: с. 298-308
|
| 606 |
1 |
|
|a Магматизм
|2 stltpush
|3 (RuTPU)RU\TPU\subj\40702
|9 60544
|
| 606 |
1 |
|
|a Гранитоиды
|x Происхождение
|2 stltpush
|3 (RuTPU)RU\TPU\subj\8547
|9 35939
|
| 610 |
0 |
|
|a мигматиты
|
| 610 |
1 |
|
|a мигматитовые комплексы
|
| 610 |
1 |
|
|a гранитообразование
|
| 610 |
1 |
|
|a термодинамические режимы
|
| 610 |
1 |
|
|a Беломорский мегакомплекс
|
| 610 |
1 |
|
|a петрохимия
|
| 610 |
1 |
|
|a минералы
|
| 610 |
1 |
|
|a включения
|
| 610 |
1 |
|
|a стратиграфия
|
| 610 |
1 |
|
|a петрохимия
|
| 610 |
1 |
|
|a состав
|
| 610 |
1 |
|
|a флюидный режим
|
| 675 |
|
|
|a 552.11
|z rus
|v 3
|
| 675 |
|
|
|a 552.321.1/.3
|z rus
|v 3
|
| 701 |
|
1 |
|a Глебовицкий
|b В. А.
|
| 701 |
|
1 |
|a Зингер
|b Т. Ф.
|
| 701 |
|
1 |
|a Козаков
|b И. К.
|
| 701 |
|
1 |
|a Котов
|b А. Б.
|
| 702 |
|
1 |
|a Митрофанов
|b Ф. П.
|g Феликс Петрович
|4 340
|
| 712 |
0 |
2 |
|a Академия наук СССР (АН СССР)
|b Институт геологии и геохронологии докембрия (ИГГД)
|c (Ленинград)
|2 stltpush
|3 (RuTPU)RU\TPU\col\11390
|
| 801 |
|
0 |
|a RU
|b RuMRKP
|c 19950704
|g psbo
|
| 801 |
|
1 |
|a RU
|b 63413507
|c 20150211
|
| 801 |
|
2 |
|a RU
|b 63413507
|c 20171005
|g RCR
|
| 942 |
|
|
|c BK
|